Informácia k vybraným ustanoveniam daňového poriadku po jeho novelách s aktuálnym stavom k 1. 1. 2023

V priebehu roka 2022 bolo schválených 6 noviel zákona č. 563/2009 Z. z. o správe daní (daňový poriadok) a o zmene a doplnení niektorých zákonov v z.n.p.. Novely daňového poriadku vyplynuli z plánu legislatívnych úloh MF SR pre rok 2022 so zameraním na dobrovoľné plnenie daňových povinností daňových...

Descripción completa

Guardado en:
Detalles Bibliográficos
Autor principal: Jurčíková, Božena
Formato: Capítulo de libro
Lenguaje:eslovaco
Materias:
Etiquetas: Agregar Etiqueta
Sin Etiquetas, Sea el primero en etiquetar este registro!

MARC

LEADER 00000naa a2200000 4500
001 0295647
005 20240417075244.0
041 0 |a slo 
044 |a SK 
245 1 0 |a Informácia k vybraným ustanoveniam daňového poriadku po jeho novelách s aktuálnym stavom k 1. 1. 2023  |c Božena Jurčíková 
520 |a V priebehu roka 2022 bolo schválených 6 noviel zákona č. 563/2009 Z. z. o správe daní (daňový poriadok) a o zmene a doplnení niektorých zákonov v z.n.p.. Novely daňového poriadku vyplynuli z plánu legislatívnych úloh MF SR pre rok 2022 so zameraním na dobrovoľné plnenie daňových povinností daňových subjektov. 
610 2 0 |a poriadok daňový 
610 2 0 |a dane 
610 2 0 |a novelizácia 
610 2 0 |a zmennosť 
610 2 0 |a právo 
610 2 0 |a legislatíva 
610 2 0 |a zákony 
610 2 0 |a subjekt 
100 1 |a Jurčíková, Božena